[Event "EWIBCC 2019"]
[Site "Monte-Carlo"]
[Date "2019.11.29"]
[Round "3.16"]
[White "Janzelj, Lara"]
[Black "Buksa, Nataliya"]
[Result "0-1"]
[WhiteElo "2158"]
[BlackElo "2410"]
[Annotator "ChessBase"]
[PlyCount "112"]
[EventDate "2019.11.29"]
[EventType "swiss"]
[EventCountry "MNC"]
[SourceTitle "playchess.com"]
[Source "ChessBase"]
[SourceQuality "1"]
[TimeControl "180+2"]

1. d4 {[%emt 0:00:00]} d5 {[%emt 0:00:00]} 2. c4 e6 3. Nc3 {[%emt 0:00:03]} Nf6 {[%emt 0:00:01]} 4. cxd5 {[%emt 0:00:01]} exd5 {[%emt 0:00:00]} 5. Bg5 {[%emt 0:03:06]} c6 6. e3 {[%emt 0:00:00]} Nbd7 {[%emt 0:00:02]} 7. Qc2 {[%emt 0:00:00]} Be7 {[%emt 0:00:02]} 8. Bd3 {[%emt 0:00:00]} Nh5 {[%emt 0:00:00]} 9. Bxe7 {[%emt 0:00:00]} Qxe7 {[%emt 0:00:01]} 10. Nge2 {[%emt 0:00:00]} g6 {[%emt 0:00:01]} 11. O-O-O {[%emt 0:00:00]} Nb6 {[%emt 0:00:01]} 12. Kb1 {[%emt 0:00:00]} Be6 {[%emt 0:00:01]} 13. h3 {[%emt 0:00:00]} O-O-O {[%emt 0:00:01]} 14. g4 {[%emt 0:00:00]} Ng7 {[%emt 0:00:01]} 15. Nf4 {[%emt 0:00:00]} Kb8 {[%emt 0:00:01]} 16. Na4 {[%emt 0:00:00]} Nxa4 {[%emt 0:00:01]} 17. Qxa4 {[%emt 0:00:00]} Bc8 {[%emt 0:00:01]} 18. Rc1 {[%emt 0:00:00]} h5 {[%emt 0:00:01]} 19. gxh5 {[%emt 0:00:00]} Nxh5 {[%emt 0:00:02]} 20. Ne2 {[%emt 0:00:00]} Nf6 {[%emt 0:00:01]} 21. Qb3 {[%emt 0:00:00]} Ne4 {[%emt 0:00:17]} 22. Bxe4 {[%emt 0:00:00]} Qxe4+ {[%emt 0:00:01]} 23. Ka1 {[%emt 0:00:00]} Bxh3 {[%emt 0:01:09]} 24. Nc3 {[%emt 0:00:00]} Qd3 {[%emt 0:00:08]} 25. Rhd1 {[%emt 0:00:00]} Qc4 {[%emt 0:00:11]} 26. Qa3 {[%emt 0:00:00]} Bg4 {[%emt 0:00:04]} 27. Rg1 {[%emt 0:00:00]} Bc8 {[%emt 0:00:06]} 28. Na4 {[%emt 0:00:00]} Qb5 {[%emt 0:00:09]} 29. Rc3 {[%emt 0:00:00]} Rh2 {[%emt 0:00:10]} 30. Qe7 {[%emt 0:00:00]} Rdh8 {[%emt 0:00:25]} 31. Nc5 {[%emt 0:00:00]} Rxf2 {[%emt 0:00:02]} 32. Qe5+ {[%emt 0:00:10]} Ka8 {[%emt 0:00:01]} 33. Rb1 {[%emt 0:00:03]} Rxb2 {[%emt 0:00:14]} 34. Rcc1 {[%emt 0:00:05]} Rhh2 {[%emt 0:00:05]} 35. Qxh2 {[%emt 0:00:05]} Rxh2 {[%emt 0:00:01]} 36. Rxb5 {[%emt 0:00:00]} cxb5 {[%emt 0:00:01]} 37. Nd3 {[%emt 0:00:05]} Kb8 {[%emt 0:00:01]} 38. Ne5 {[%emt 0:00:03]} Be6 {[%emt 0:00:01]} 39. e4 {[%emt 0:00:07]} a6 {[%emt 0:00:04]} 40. exd5 {[%emt 0:00:01]} Bxd5 {[%emt 0:00:02]} 41. Nd7+ {[%emt 0:00:01]} Ka7 {[%emt 0:00:00]} 42. Rc7 {[%emt 0:00:05]} Rxa2+ {[%emt 0:00:04]} 43. Kb1 {[%emt 0:00:00]} Ra4 {[%emt 0:00:02]} 44. Nc5 {[%emt 0:00:04]} Rb4+ {[%emt 0:00:05]} 45. Ka1 {[%emt 0:00:03]} g5 {[%emt 0:00:07]} 46. Rd7 {[%emt 0:00:01]} Bc6 {[%emt 0:00:01]} 47. Rxf7 {[%emt 0:00:02]} Rxd4 {[%emt 0:00:01]} 48. Rg7 {[%emt 0:00:02]} g4 {[%emt 0:00:04]} 49. Ne6 {[%emt 0:00:01]} Rd6 {[%emt 0:00:12]} 50. Nf4 {[%emt 0:00:07]} Bf3 {[%emt 0:00:03]} 51. Kb2 {[%emt 0:00:02]} Kb6 {[%emt 0:00:01]} 52. Kc3 {[%emt 0:00:01]} a5 {[%emt 0:00:01]} 53. Nd3 {[%emt 0:00:02]} b4+ {[%emt 0:00:02]} 54. Nxb4 {[%emt 0:00:05]} axb4+ {[%emt 0:00:01]} 55. Kxb4 {[%emt 0:00:00]} Rd1 {[%emt 0:00:01]} 56. Kc3 {[%emt 0:00:01]} Rg1 {[%emt 0:00:02]} 0-1

[Event "EWIBCC 2019"]
[Site "Monte-Carlo"]
[Date "2019.11.29"]
[Round "3.17"]
[White "Guichard, Pauline"]
[Black "Novkovic, Julia"]
[Result "1-0"]
[WhiteElo "2407"]
[BlackElo "2161"]
[Annotator "ChessBase"]
[PlyCount "111"]
[EventDate "2019.11.29"]
[EventType "swiss"]
[EventCountry "MNC"]
[SourceTitle "playchess.com"]
[Source "ChessBase"]
[SourceQuality "1"]
[TimeControl "180+2"]

1. c4 {[%emt 0:00:00]} e5 {[%emt 0:00:00]} 2. Nc3 {[%emt 0:00:00]} Nc6 {[%emt 0:00:01]} 3. Nf3 {[%emt 0:00:01]} d6 {[%emt 0:00:00]} 4. d4 {[%emt 0:00:02]} exd4 {[%emt 0:00:02]} 5. Nxd4 {[%emt 0:00:01]} Nxd4 {[%emt 0:00:18]} 6. Qxd4 {[%emt 0:00:02]} Qf6 {[%emt 0:00:01]} 7. Qe3+ {[%emt 0:00:21]} Qe6 {[%emt 0:00:23]} 8. Nd5 {[%emt 0:00:16]} Qxe3 {[%emt 0:00:13]} 9. Bxe3 {[%emt 0:00:02]} Kd8 {[%emt 0:00:01]} 10. g3 {[%emt 0:00:04]} c6 {[%emt 0:00:02]} 11. Nc3 {[%emt 0:00:04]} Be6 {[%emt 0:00:01]} 12. b3 {[%emt 0:00:12]} Ne7 {[%emt 0:00:24]} 13. Bg2 {[%emt 0:00:03]} Nf5 {[%emt 0:00:01]} 14. Bf4 {[%emt 0:00:09]} h6 {[%emt 0:00:12]} 15. h4 {[%emt 0:00:02]} g6 {[%emt 0:00:51]} 16. O-O-O {[%emt 0:00:02]} Ke7 {[%emt 0:00:18]} 17. e4 {[%emt 0:00:04]} Ng7 {[%emt 0:00:04]} 18. Bxd6+ {[%emt 0:00:06]} Ke8 {[%emt 0:00:01]} 19. Be5 {[%emt 0:00:06]} Rg8 {[%emt 0:00:04]} 20. Rd3 {[%emt 0:00:18]} Ba3+ {[%emt 0:00:22]} 21. Kc2 {[%emt 0:00:01]} f5 {[%emt 0:00:01]} 22. Re1 {[%emt 0:00:33]} Kf7 {[%emt 0:00:08]} 23. exf5 {[%emt 0:00:18]} Nxf5 {[%emt 0:00:10]} 24. Ne4 {[%emt 0:00:05]} Rad8 {[%emt 0:00:01]} 25. Red1 {[%emt 0:00:11]} Rxd3 {[%emt 0:00:01]} 26. Rxd3 {[%emt 0:00:01]} Rf8 {[%emt 0:00:02]} 27. Nd6+ {[%emt 0:00:33]} Nxd6 {[%emt 0:00:08]} 28. Bxd6 {[%emt 0:00:02]} Bxd6 {[%emt 0:00:01]} 29. Rxd6 {[%emt 0:00:01]} Ke7 {[%emt 0:00:01]} 30. Rd2 {[%emt 0:00:02]} Rf5 {[%emt 0:00:02]} 31. Kc3 {[%emt 0:00:06]} Re5 {[%emt 0:00:02]} 32. Bf3 {[%emt 0:00:04]} Re1 {[%emt 0:00:01]} 33. Re2 {[%emt 0:00:02]} Rb1 {[%emt 0:00:02]} 34. Bg4 {[%emt 0:00:02]} Ra1 {[%emt 0:00:05]} 35. Rxe6+ {[%emt 0:00:14]} Kf7 36. Re2 {[%emt 0:00:00]} Kf6 {[%emt 0:00:01]} 37. Bf3 {[%emt 0:00:00]} g5 {[%emt 0:00:01]} 38. hxg5+ {[%emt 0:00:00]} hxg5 {[%emt 0:00:01]} 39. Bg4 {[%emt 0:00:00]} Kg6 {[%emt 0:00:01]} 40. f4 {[%emt 0:00:00]} Kf6 {[%emt 0:00:01]} 41. fxg5+ {[%emt 0:00:00]} Kxg5 {[%emt 0:00:00]} 42. Bc8 {[%emt 0:00:00]} b6 {[%emt 0:00:01]} 43. b4 {[%emt 0:00:16]} a5 44. bxa5 {[%emt 0:00:00]} bxa5 {[%emt 0:00:02]} 45. Kd4 {[%emt 0:00:00]} Rb1 {[%emt 0:00:02]} 46. Kc5 {[%emt 0:00:00]} Rb8 {[%emt 0:00:01]} 47. Bd7 {[%emt 0:00:00]} Rb4 {[%emt 0:00:02]} 48. Bxc6 {[%emt 0:00:00]} Kg4 {[%emt 0:00:01]} 49. Re3 {[%emt 0:00:00]} Rb2 {[%emt 0:00:03]} 50. Ra3 {[%emt 0:00:00]} Kf5 {[%emt 0:00:03]} 51. Rxa5 {[%emt 0:00:00]} Kg4 {[%emt 0:00:01]} 52. Ra3 {[%emt 0:00:00]} Rb8 {[%emt 0:00:04]} 53. Bd7+ {[%emt 0:00:00]} Kg5 {[%emt 0:00:06]} 54. Kd6 {[%emt 0:00:03]} Rb4 {[%emt 0:00:02]} 55. c5 {[%emt 0:00:02]} Rd4+ {[%emt 0:00:00]} 56. Kc7 {[%emt 0:00:03]} 1-0

[Event "EWIBCC 2019"]
[Site "Monte-Carlo"]
[Date "2019.11.29"]
[Round "3.18"]
[White "Dornbusch, Tatiana"]
[Black "Nicoara, Malina"]
[Result "1-0"]
[WhiteElo "2269"]
[BlackElo "2066"]
[Annotator "NA"]
[PlyCount "41"]
[EventDate "2019.11.29"]
[EventType "swiss"]
[EventCountry "MNC"]
[SourceTitle "playchess.com"]
[Source "ChessBase"]
[SourceQuality "1"]
[TimeControl "180+2"]

1. d4 {[%emt 0:00:01]} Nf6 {[%emt 0:00:00]} 2. Nf3 {[%emt 0:00:01]} d6 {[%emt 0:00:03]} 3. g3 {[%emt 0:00:03]} c6 {[%emt 0:00:09]} 4. Bg2 {[%emt 0:00:02]} g6 {[%emt 0:00:02]} 5. O-O {[%emt 0:00:03]} Bg7 {[%emt 0:00:00]} 6. c4 {[%emt 0:00:02]} O-O {[%emt 0:00:03]} 7. Nc3 {[%emt 0:00:02]} Nbd7 {[%emt 0:00:03]} 8. e4 {[%emt 0:00:09]} e5 {[%emt 0:00:01]} 9. h3 {[%emt 0:00:02]} Re8 {[%emt 0:00:05]} 10. Be3 {[%emt 0:00:03]} Qc7 {[%emt 0:00:16]} 11. Qc2 {[%emt 0:00:08]} Nf8 {[%emt 0:00:07]} 12. Rad1 {[%emt 0:00:25]} a6 {[%emt 0:00:02]} 13. c5 {[%emt 0:00:09]} exd4 {[%emt 0:00:13]} 14. cxd6 {[%emt 0:00:04]} Qxd6 {[%emt 0:00:03]} 15. e5 {[%emt 0:00:18]} Rxe5 {[%emt 0:00:12]} 16. Nxe5 {[%emt 0:00:18]} Qxe5 {[%emt 0:00:01]} 17. Bxd4 {[%emt 0:00:02]} Qa5 {[%emt 0:00:01]} 18. Ne4 {[%emt 0:00:19]} Bf5 {[%emt 0:00:03]} 19. Nxf6+ {[%emt 0:00:14]} Bxf6 {[%emt 0:00:03]} 20. Qd2 {[%emt 0:00:08]} Bxd4 {[%emt 0:00:07]} 21. Qxa5 {[%emt 0:00:02]} 1-0

[Event "EWIBCC 2019"]
[Site "Monte-Carlo"]
[Date "2019.11.29"]
[Round "3.19"]
[White "Petrova, Irina"]
[Black "Unuk, Laura"]
[Result "0-1"]
[WhiteElo "2109"]
[BlackElo "2298"]
[Annotator "ChessBase"]
[PlyCount "73"]
[EventDate "2019.11.29"]
[EventType "swiss"]
[EventCountry "MNC"]
[SourceTitle "playchess.com"]
[Source "ChessBase"]
[SourceQuality "1"]
[TimeControl "180+2"]

1. d4 {[%emt 0:00:00]} Nf6 {[%emt 0:00:00]} 2. Bg5 {[%emt 0:00:00]} d5 {[%emt 0:00:06]} 3. Nc3 {[%emt 0:00:04]} e6 {[%emt 0:00:04]} 4. e4 {[%emt 0:00:01]} Bb4 {[%emt 0:00:01]} 5. e5 {[%emt 0:00:04]} h6 {[%emt 0:00:02]} 6. Bd2 {[%emt 0:00:01]} Bxc3 {[%emt 0:00:02]} 7. bxc3 {[%emt 0:00:02]} Ne4 {[%emt 0:00:01]} 8. Qg4 {[%emt 0:00:03]} Kf8 {[%emt 0:00:02]} 9. Bd3 {[%emt 0:00:06]} Nxd2 {[%emt 0:00:02]} 10. Kxd2 {[%emt 0:00:01]} c5 {[%emt 0:00:02]} 11. h4 {[%emt 0:00:07]} Nc6 {[%emt 0:00:01]} 12. Rh3 {[%emt 0:00:14]} c4 {[%emt 0:00:18]} 13. Be2 {[%emt 0:00:06]} Rg8 {[%emt 0:00:03]} 14. Rf3 {[%emt 0:00:16]} Ke7 {[%emt 0:00:41]} 15. Qf4 {[%emt 0:00:11]} Qe8 {[%emt 0:00:18]} 16. Nh3 {[%emt 0:00:17]} b5 {[%emt 0:00:12]} 17. a3 {[%emt 0:00:05]} a5 {[%emt 0:00:03]} 18. g4 {[%emt 0:00:05]} Rf8 {[%emt 0:00:15]} 19. h5 {[%emt 0:00:16]} Kd8 {[%emt 0:00:22]} 20. g5 {[%emt 0:00:03]} Rb8 {[%emt 0:00:33]} 21. gxh6 {[%emt 0:00:02]} gxh6 {[%emt 0:00:01]} 22. Qxh6 {[%emt 0:00:02]} b4 {[%emt 0:00:01]} 23. axb4 {[%emt 0:00:07]} axb4 {[%emt 0:00:01]} 24. Qg5+ {[%emt 0:00:24]} Kc7 {[%emt 0:00:08]} 25. h6 {[%emt 0:00:16]} bxc3+ {[%emt 0:00:02]} 26. Kxc3 {[%emt 0:00:02]} Bd7 {[%emt 0:00:03]} 27. Qf4 {[%emt 0:00:14]} Qe7 {[%emt 0:00:01]} 28. Kd2 {[%emt 0:00:16]} Qb4+ {[%emt 0:00:01]} 29. Kd1 {[%emt 0:00:12]} Qb2 {[%emt 0:00:02]} 30. Rc1 {[%emt 0:00:01]} Nxd4 {[%emt 0:00:02]} 31. Re3 {[%emt 0:00:09]} Nb5 {[%emt 0:00:03]} 32. h7 {[%emt 0:00:08]} d4 {[%emt 0:00:11]} 33. Rg3 {[%emt 0:00:03]} Nc3+ {[%emt 0:00:05]} 34. Rxc3 {[%emt 0:00:02]} Qxc3 {[%emt 0:00:12]} 35. Ng5 {[%emt 0:00:04]} Ba4 {[%emt 0:00:01]} 36. Ne4 {[%emt 0:00:05]} Qa3 {[%emt 0:00:06]} 37. Nd2 {[%emt 0:00:05]} 0-1

[Event "EWIBCC 2019"]
[Site "Monte-Carlo"]
[Date "2019.11.29"]
[Round "3.20"]
[White "Terbe, Julianna"]
[Black "Doluhanova, Evgeniya"]
[Result "1/2-1/2"]
[WhiteElo "2287"]
[BlackElo "2276"]
[Annotator "NA"]
[PlyCount "153"]
[EventDate "2019.11.29"]
[EventType "swiss"]
[EventCountry "MNC"]
[SourceTitle "playchess.com"]
[Source "ChessBase"]
[SourceQuality "1"]
[TimeControl "180+2"]

1. d4 {[%emt 0:03:02]} Nf6 {[%emt 0:00:00]} 2. Nf3 {[%emt 0:00:00]} b6 {[%emt 0:00:01]} 3. Bf4 {[%emt 0:00:00]} Bb7 {[%emt 0:00:02]} 4. e3 {[%emt 0:00:00]} g6 {[%emt 0:00:10]} 5. Be2 {[%emt 0:00:00]} Bg7 {[%emt 0:00:01]} 6. O-O {[%emt 0:00:00]} O-O {[%emt 0:00:04]} 7. a4 {[%emt 0:00:00]} d6 {[%emt 0:00:04]} 8. h3 {[%emt 0:00:00]} Nbd7 {[%emt 0:00:02]} 9. a5 {[%emt 0:00:00]} Rc8 {[%emt 0:00:09]} 10. c4 {[%emt 0:00:00]} Ne4 {[%emt 0:00:16]} 11. Nbd2 {[%emt 0:00:00]} e5 {[%emt 0:00:12]} 12. Bh2 {[%emt 0:00:00]} exd4 {[%emt 0:00:07]} 13. exd4 {[%emt 0:00:00]} Nxd2 {[%emt 0:00:22]} 14. Qxd2 {[%emt 0:00:00]} Nf6 {[%emt 0:00:02]} 15. d5 {[%emt 0:00:00]} Ne4 {[%emt 0:00:07]} 16. Qc2 {[%emt 0:00:00]} Re8 {[%emt 0:00:09]} 17. Bd3 {[%emt 0:00:00]} Nc5 {[%emt 0:00:02]} 18. Ra2 {[%emt 0:00:00]} Qf6 {[%emt 0:00:31]} 19. b4 {[%emt 0:00:00]} Nxd3 {[%emt 0:00:03]} 20. Qxd3 {[%emt 0:00:00]} Qc3 {[%emt 0:00:18]} 21. Qxc3 {[%emt 0:00:00]} Bxc3 {[%emt 0:00:02]} 22. Rb1 {[%emt 0:00:00]} b5 {[%emt 0:00:15]} 23. Rc2 {[%emt 0:00:03]} Bf6 {[%emt 0:00:01]} 24. cxb5 {[%emt 0:00:16]} Bxd5 {[%emt 0:00:02]} 25. Rbc1 {[%emt 0:00:03]} Re4 {[%emt 0:00:20]} 26. Rxc7 {[%emt 0:00:09]} Rxc7 {[%emt 0:00:02]} 27. Rxc7 {[%emt 0:00:02]} Rxb4 {[%emt 0:00:01]} 28. Bxd6 {[%emt 0:00:03]} Rxb5 {[%emt 0:00:08]} 29. Rxa7 {[%emt 0:00:05]} Bc3 {[%emt 0:00:07]} 30. a6 {[%emt 0:00:04]} Rb1+ {[%emt 0:00:06]} 31. Kh2 {[%emt 0:00:01]} Ra1 {[%emt 0:00:06]} 32. Be5 {[%emt 0:00:10]} Bxe5+ {[%emt 0:00:07]} 33. Nxe5 {[%emt 0:00:00]} Bc4 {[%emt 0:00:01]} 34. Ra8+ {[%emt 0:00:02]} Kg7 {[%emt 0:00:01]} 35. a7 {[%emt 0:00:01]} Bd5 {[%emt 0:00:01]} 36. Rd8 {[%emt 0:00:01]} Bb7 {[%emt 0:00:05]} 37. Rd7 {[%emt 0:00:02]} Rxa7 {[%emt 0:00:02]} 38. Rxf7+ {[%emt 0:00:07]} Kg8 {[%emt 0:00:02]} 39. Rc7 {[%emt 0:00:04]} Ra5 {[%emt 0:00:01]} 40. Rxb7 {[%emt 0:00:02]} Rxe5 {[%emt 0:00:01]} 41. Kg3 {[%emt 0:00:01]} Rf5 {[%emt 0:00:01]} 42. f4 {[%emt 0:00:01]} Ra5 {[%emt 0:00:01]} 43. Kg4 {[%emt 0:00:01]} Rc5 {[%emt 0:00:02]} 44. Rb6 {[%emt 0:00:00]} Kg7 {[%emt 0:00:01]} 45. Ra6 {[%emt 0:00:03]} Rb5 {[%emt 0:00:02]} 46. Kg3 {[%emt 0:00:03]} Rb3+ {[%emt 0:00:01]} 47. Kh2 {[%emt 0:00:01]} Rb4 {[%emt 0:00:05]} 48. Kg3 {[%emt 0:00:03]} Rb3+ {[%emt 0:00:01]} 49. Kg4 {[%emt 0:00:03]} Rb2 {[%emt 0:00:01]} 50. g3 {[%emt 0:00:02]} Rb5 {[%emt 0:00:01]} 51. Ra7+ {[%emt 0:00:02]} Kh6 {[%emt 0:00:05]} 52. Ra6 {[%emt 0:00:02]} Kg7 {[%emt 0:00:01]} 53. Rc6 {[%emt 0:00:01]} Ra5 {[%emt 0:00:02]} 54. Kh4 {[%emt 0:00:01]} Rh5+ {[%emt 0:00:01]} 55. Kg4 {[%emt 0:00:01]} Ra5 {[%emt 0:00:01]} 56. Rc3 {[%emt 0:00:01]} Kf6 {[%emt 0:00:02]} 57. Kf3 {[%emt 0:00:01]} h6 {[%emt 0:00:04]} 58. g4 {[%emt 0:00:01]} h5 {[%emt 0:00:05]} 59. g5+ {[%emt 0:00:01]} Kg7 {[%emt 0:00:03]} 60. Rc7+ {[%emt 0:00:01]} Kf8 {[%emt 0:00:01]} 61. Rc6 {[%emt 0:00:02]} Kf7 {[%emt 0:00:01]} 62. Rf6+ {[%emt 0:00:04]} Kg7 {[%emt 0:00:01]} 63. Re6 {[%emt 0:00:00]} Kf7 {[%emt 0:00:01]} 64. Rd6 {[%emt 0:00:01]} Ra7 {[%emt 0:00:02]} 65. Ke4 {[%emt 0:00:02]} Re7+ {[%emt 0:00:01]} 66. Kd4 {[%emt 0:00:01]} Ra7 {[%emt 0:00:03]} 67. Rc6 {[%emt 0:00:03]} Re7 {[%emt 0:00:03]} 68. Rf6+ {[%emt 0:00:05]} Kg7 {[%emt 0:00:01]} 69. Rd6 {[%emt 0:00:02]} Kf7 {[%emt 0:00:03]} 70. f5 {[%emt 0:00:05]} gxf5 {[%emt 0:00:03]} 71. Rf6+ {[%emt 0:00:00]} Kg7 {[%emt 0:00:01]} 72. Rxf5 {[%emt 0:00:01]} h4 {[%emt 0:00:05]} 73. Re5 {[%emt 0:00:03]} Ra7 {[%emt 0:00:03]} 74. Ke4 {[%emt 0:00:03]} Kg6 {[%emt 0:00:01]} 75. Kf4 {[%emt 0:00:08]} Ra4+ {[%emt 0:00:01]} 76. Re4 {[%emt 0:00:01]} Rxe4+ {[%emt 0:00:02]} 77. Kxe4 {[%emt 0:00:06]} 1/2-1/2

[Event "EWIBCC 2019"]
[Site "Monte-Carlo"]
[Date "2019.11.29"]
[Round "4.1"]
[White "Stefanova, Antoaneta"]
[Black "Chiburdanidze, Maia"]
[Result "1-0"]
[WhiteElo "2481"]
[BlackElo "2500"]
[Annotator "ChessBase"]
[PlyCount "59"]
[EventDate "2019.11.29"]
[EventType "swiss"]
[EventCountry "MNC"]
[SourceTitle "playchess.com"]
[Source "ChessBase"]
[SourceQuality "1"]
[TimeControl "180+2"]

1. Nf3 {[%emt 0:00:00]} d5 {[%emt 0:00:00]} 2. g3 {[%emt 0:00:00]} c6 {[%emt 0:00:02]} 3. Bg2 {[%emt 0:00:02]} e6 {[%emt 0:00:04]} 4. O-O {[%emt 0:00:02]} f5 {[%emt 0:00:01]} 5. d3 {[%emt 0:00:09]} Nf6 {[%emt 0:00:03]} 6. Nbd2 {[%emt 0:00:03]} Be7 {[%emt 0:00:03]} 7. e4 {[%emt 0:00:04]} dxe4 {[%emt 0:00:12]} 8. dxe4 {[%emt 0:00:01]} O-O {[%emt 0:00:01]} 9. Ne5 {[%emt 0:00:19]} Nbd7 {[%emt 0:00:11]} 10. Nd3 {[%emt 0:00:04]} Qc7 {[%emt 0:00:09]} 11. exf5 {[%emt 0:00:11]} exf5 {[%emt 0:00:02]} 12. Nf3 {[%emt 0:00:01]} Bd6 {[%emt 0:00:07]} 13. Bf4 {[%emt 0:00:04]} Bxf4 {[%emt 0:00:09]} 14. Nxf4 {[%emt 0:00:01]} Nc5 {[%emt 0:00:01]} 15. b4 {[%emt 0:00:10]} Nce4 {[%emt 0:00:07]} 16. c4 {[%emt 0:00:11]} Qe7 {[%emt 0:00:28]} 17. c5 {[%emt 0:00:14]} g5 {[%emt 0:00:15]} 18. Nd3 {[%emt 0:00:05]} Nd5 {[%emt 0:00:01]} 19. Nfe5 {[%emt 0:00:09]} Be6 {[%emt 0:00:34]} 20. Re1 {[%emt 0:00:04]} Nec3 {[%emt 0:00:02]} 21. Qc2 {[%emt 0:00:15]} Qf6 {[%emt 0:00:06]} 22. a4 {[%emt 0:00:06]} a5 {[%emt 0:00:03]} 23. bxa5 {[%emt 0:00:07]} Rxa5 {[%emt 0:00:02]} 24. Qd2 {[%emt 0:00:29]} Rfa8 {[%emt 0:00:04]} 25. Ra3 {[%emt 0:00:06]} Nxa4 {[%emt 0:00:19]} 26. Rea1 {[%emt 0:00:03]} R5a6 {[%emt 0:00:03]} 27. Qc1 {[%emt 0:00:13]} Kg7 {[%emt 0:00:18]} 28. Bf1 {[%emt 0:00:01]} b5 {[%emt 0:00:03]} 29. cxb6 {[%emt 0:00:04]} Naxb6 {[%emt 0:00:01]} 30. Rxa6 {[%emt 0:00:02]} 1-0

[Event "EWIBCC 2019"]
[Site "Monte-Carlo"]
[Date "2019.11.29"]
[Round "4.2"]
[White "Sebag, Marie"]
[Black "Gaponenko, Inna"]
[Result "1/2-1/2"]
[WhiteElo "2443"]
[BlackElo "2427"]
[Annotator "NA"]
[PlyCount "87"]
[EventDate "2019.11.29"]
[EventType "swiss"]
[EventCountry "MNC"]
[SourceTitle "playchess.com"]
[Source "ChessBase"]
[SourceQuality "1"]
[TimeControl "180+2"]

1. e4 {[%emt 0:00:00]} d6 {[%emt 0:00:00]} 2. d4 {[%emt 0:03:04]} Nf6 3. Nc3 {[%emt 0:00:00]} g6 {[%emt 0:00:00]} 4. h3 {[%emt 0:00:00]} a6 {[%emt 0:00:04]} 5. a4 {[%emt 0:00:00]} Bg7 {[%emt 0:00:08]} 6. Nf3 {[%emt 0:00:00]} O-O {[%emt 0:00:04]} 7. Be2 {[%emt 0:00:00]} c5 {[%emt 0:00:01]} 8. O-O {[%emt 0:00:00]} cxd4 {[%emt 0:00:04]} 9. Nxd4 {[%emt 0:00:00]} Nc6 {[%emt 0:00:01]} 10. Be3 {[%emt 0:00:00]} d5 {[%emt 0:00:06]} 11. exd5 {[%emt 0:00:00]} Nb4 {[%emt 0:00:02]} 12. Qd2 {[%emt 0:00:00]} Nfxd5 {[%emt 0:00:02]} 13. Nxd5 {[%emt 0:00:00]} Nxd5 {[%emt 0:00:02]} 14. Bh6 {[%emt 0:00:00]} e5 {[%emt 0:00:07]} 15. Bxg7 {[%emt 0:00:00]} Kxg7 {[%emt 0:00:01]} 16. Nf3 {[%emt 0:00:00]} Nf4 {[%emt 0:00:02]} 17. Qe3 {[%emt 0:00:00]} Nxe2+ {[%emt 0:00:05]} 18. Qxe2 {[%emt 0:00:00]} f6 {[%emt 0:00:03]} 19. Rfd1 {[%emt 0:00:00]} Qc7 {[%emt 0:00:01]} 20. c3 {[%emt 0:00:00]} Be6 {[%emt 0:00:07]} 21. a5 {[%emt 0:00:00]} Rfd8 {[%emt 0:00:05]} 22. h4 {[%emt 0:00:13]} Rxd1+ {[%emt 0:00:27]} 23. Qxd1 {[%emt 0:00:03]} Bg4 {[%emt 0:00:43]} 24. Qe2 {[%emt 0:00:01]} Rd8 {[%emt 0:00:02]} 25. Qe4 {[%emt 0:00:03]} Bxf3 {[%emt 0:00:08]} 26. Qxf3 {[%emt 0:00:01]} Rd2 {[%emt 0:00:01]} 27. Rb1 {[%emt 0:00:07]} f5 {[%emt 0:00:31]} 28. h5 {[%emt 0:00:01]} e4 {[%emt 0:00:03]} 29. h6+ {[%emt 0:00:03]} Kf7 {[%emt 0:00:17]} 30. Qe3 {[%emt 0:00:00]} Rd5 {[%emt 0:00:12]} 31. f3 {[%emt 0:00:12]} exf3 {[%emt 0:00:09]} 32. Qxf3 {[%emt 0:00:01]} Qc5+ {[%emt 0:00:11]} 33. Kh1 {[%emt 0:00:02]} Rd7 {[%emt 0:00:09]} 34. Re1 {[%emt 0:00:02]} Re7 {[%emt 0:00:02]} 35. Rxe7+ {[%emt 0:00:07]} Qxe7 {[%emt 0:00:01]} 36. Qd5+ {[%emt 0:00:01]} Kf6 {[%emt 0:00:02]} 37. Qd4+ {[%emt 0:00:01]} Kg5 {[%emt 0:00:02]} 38. Qd2+ {[%emt 0:00:04]} Kh5 {[%emt 0:00:02]} 39. b4 {[%emt 0:00:02]} Qe4 {[%emt 0:00:03]} 40. Kg1 {[%emt 0:00:02]} Qb1+ {[%emt 0:00:03]} 41. Kh2 {[%emt 0:00:01]} Qe4 {[%emt 0:00:01]} 42. Kg1 {[%emt 0:00:01]} Qb1+ {[%emt 0:00:02]} 43. Kh2 {[%emt 0:00:00]} Qe4 {[%emt 0:00:02]} 44. Kg1 {[%emt 0:00:01]} 1/2-1/2

[Event "EWIBCC 2019"]
[Site "Monte-Carlo"]
[Date "2019.11.29"]
[Round "4.3"]
[White "Bodnaruk, Anastasia"]
[Black "Paehtz, Elisabeth"]
[Result "1-0"]
[WhiteElo "2412"]
[BlackElo "2484"]
[Annotator "RC"]
[PlyCount "89"]
[EventDate "2019.11.29"]
[EventType "swiss"]
[EventCountry "MNC"]
[SourceTitle "playchess.com"]
[Source "ChessBase"]
[SourceQuality "1"]
[TimeControl "180+2"]

1. e4 {[%emt 0:00:00]} c5 {[%emt 0:00:00]} 2. Nc3 {[%emt 0:00:00]} a6 {[%emt 0:00:00]} 3. g3 {[%emt 0:00:13]} b5 {[%emt 0:00:01]} 4. Bg2 {[%emt 0:00:01]} Bb7 {[%emt 0:00:02]} 5. d3 {[%emt 0:00:11]} e6 {[%emt 0:00:03]} 6. f4 {[%emt 0:00:02]} Nc6 {[%emt 0:00:25]} 7. Nf3 {[%emt 0:00:03]} d6 {[%emt 0:00:06]} 8. O-O {[%emt 0:00:10]} Qc7 {[%emt 0:00:02]} 9. Be3 {[%emt 0:00:07]} b4 {[%emt 0:00:01]} 10. Na4 {[%emt 0:00:25]} Nf6 {[%emt 0:00:20]} 11. Kh1 {[%emt 0:00:14]} Be7 {[%emt 0:00:11]} 12. c4 {[%emt 0:00:20]} Nb8 {[%emt 0:00:20]} 13. b3 {[%emt 0:00:22]} Nbd7 {[%emt 0:00:01]} 14. Qe2 {[%emt 0:00:16]} O-O {[%emt 0:00:11]} 15. h3 {[%emt 0:00:13]} Bc6 {[%emt 0:00:05]} 16. Nb2 {[%emt 0:00:05]} Nb6 {[%emt 0:00:03]} 17. g4 {[%emt 0:00:05]} d5 {[%emt 0:00:08]} 18. cxd5 {[%emt 0:00:15]} exd5 {[%emt 0:00:02]} 19. e5 {[%emt 0:00:03]} Nfd7 {[%emt 0:00:07]} 20. Rac1 {[%emt 0:00:04]} Qb7 {[%emt 0:00:08]} 21. f5 {[%emt 0:00:08]} d4 {[%emt 0:00:03]} 22. Bf4 {[%emt 0:00:01]} Nd5 {[%emt 0:00:08]} 23. Qd2 {[%emt 0:00:07]} f6 {[%emt 0:00:12]} 24. e6 {[%emt 0:00:08]} N7b6 {[%emt 0:00:03]} 25. Nc4 {[%emt 0:00:03]} Nxf4 {[%emt 0:00:11]} 26. Qxf4 {[%emt 0:00:01]} Nd5 {[%emt 0:00:01]} 27. Qg3 {[%emt 0:00:03]} a5 {[%emt 0:00:04]} 28. Nfd2 {[%emt 0:00:05]} Nc3 {[%emt 0:00:09]} 29. Rce1 {[%emt 0:00:07]} Nxa2 {[%emt 0:00:03]} 30. Ne4 {[%emt 0:00:02]} Nc3 {[%emt 0:00:03]} 31. g5 {[%emt 0:00:03]} Nxe4 {[%emt 0:00:04]} 32. Bxe4 {[%emt 0:00:02]} Bxe4+ {[%emt 0:00:01]} 33. dxe4 {[%emt 0:00:02]} fxg5 {[%emt 0:00:05]} 34. Rf2 {[%emt 0:00:02]} a4 {[%emt 0:00:03]} 35. Rg2 {[%emt 0:00:03]} axb3 {[%emt 0:00:04]} 36. Qxb3 {[%emt 0:00:00]} Qb5 {[%emt 0:00:14]} 37. h4 {[%emt 0:00:03]} h6 {[%emt 0:00:09]} 38. Nd6 {[%emt 0:00:02]} Qa4 {[%emt 0:00:04]} 39. Qd5 {[%emt 0:00:02]} Rad8 {[%emt 0:00:05]} 40. e5 {[%emt 0:00:01]} b3 {[%emt 0:00:03]} 41. hxg5 {[%emt 0:00:03]} hxg5 {[%emt 0:00:03]} 42. f6 {[%emt 0:00:02]} gxf6 {[%emt 0:00:02]} 43. Qe4 {[%emt 0:00:00]} Kg7 {[%emt 0:00:04]} 44. Nf5+ {[%emt 0:00:02]} Kg8 {[%emt 0:00:04]} 45. Nxe7+ {[%emt 0:00:01]} 1-0